000 09213nam2a2200517 4500
001 rc\3025144
005 20260315064857.0
035 _a(NLR Aleph) 007166607
090 _a13620038
_c13620038
100 _a20110929d1936 u y0rusy50 ca
101 0 _arus
102 _aRU
105 _aa z |||||
200 0 _aКн. 3
_e[Сборник статей]
210 _d1936
215 _aОбл., 186 с., 2 вкл. л. табл., моногр.
_cил., табл., моногр.
_d25х17 см
225 1 _aТруды и материалы
_fЛенингр. ин-т орг. и охраны труда ВЦСПС и Всесоюз. науч. инженер.-техн. о-во энергетики и электросвязи
_fПод общ. ред. дир. Ин-та проф. С. Г. Шмерлинга
_vТ. 12. Вып. 13
225 1 _aТруды Светотехнического отдела ЛИООТ
_vКнига 3
225 1 _aТруды Светотехнической секции ВНИТО-Э
_vВыпуск 4
300 _aРезюме на англ. яз.
300 _aОписано по обл. На тит. л.: "Труды Светотехнического отдела ЛИООТ (книга III) и Светотехнической секции ВНИТО-Э (выпуск IV)"
320 _aБиблиогр.: "Литература" в конце отд. статей
327 1 _aСодерж.: Сапожников Р.А. Применение изолюкс в проектировании прожекторного освещения; Сапожников Р.А. Определение формы кривой распределения света симметричного светильника; Сапожников Р.А. Современное состояние вопроса о выборе напряжения для промышленных установок электрического освещения; Кнорринг Г.М. Таблица для расчета прожекторного освещения; Кнорринг Г.М. Некоторые вопросы теории наивыгоднейшего расположения светильников; Кнорринг Г.М. Освещение жилищ; Волькенштейн А.А.-Работа со сценическими светофильтрами; Шайкевич А.С., Трумпайц Я.И. Опыт искусственного освещения ртутной газосветной лампы и механической мастерской; Болдырев Н.Г. Расчет колпаков для местного освещения; Дадиомов М.С. Освещение машинных зал; Дадиомов М.С. Расчет прожекторного освещения; Завалишин А.А., Берестенников Г.А., Трумпайц Я.И., Зильбер Д.А. Опыт рационализации искусственного освещения работ, связанных с различением мельчайших дефектов на зеркальной металлической поверхности; Ауслендер Н.Н.-Новые экспериментальные данные о времени видения; Трумпайц Я.И. Опыт исследования контрастной чувствительности в условиях малых яркостей; Волькенштейн А.А. Экономика естественного освещения и капитальные затраты
461 0 _1001rc\3025142
_12001#$aОсвещение промышленных предприятий$vКн. 3
_97303319
_cЛенинград
_d1935-1940
_nЛенингр. ин-т орг. и охраны труда ВЦСПС
_tОсвещение промышленных предприятий
_vКн. 3
464 0 _12001#$aПрименение изолюкс в проектировании прожекторного освещения
_1700#1$aСапожников$bР. А.$4070
_tПрименение изолюкс в проектировании прожекторного освещения
_aСапожников, Р. А.
464 0 _12001#$aОпределение формы кривой распределения света симметричного светильника
_1700#1$aСапожников$bР. А.$4070
_tОпределение формы кривой распределения света симметричного светильника
_aСапожников, Р. А.
464 0 _12001#$aСовременное состояние вопроса о выборе напряжения для промышленных установок электрического освещения
_1700#1$aСапожников$bР. А.$4070
_tСовременное состояние вопроса о выборе напряжения для промышленных установок электрического освещения
_aСапожников, Р. А.
464 0 _12001#$aТаблица для расчета прожекторного освещения
_1700#1$aКнорринг$bГ. М.$4070
_tТаблица для расчета прожекторного освещения
_aКнорринг, Г. М.
464 0 _12001#$aНекоторые вопросы теории наивыгоднейшего расположения светильников
_1700#1$aКнорринг$bГ. М.$4070
_tНекоторые вопросы теории наивыгоднейшего расположения светильников
_aКнорринг, Г. М.
464 0 _12001#$aОсвещение жилищ
_1700#1$aКнорринг$bГ. М.$4070
_tОсвещение жилищ
_aКнорринг, Г. М.
464 0 _12001#$aРабота со сценическими светофильтрами
_1700#1$aВолькенштейн$bА. А.$4070
_tРабота со сценическими светофильтрами
_aВолькенштейн, А. А.
464 0 _12001#$aОпыт искусственного освещения ртутной газосветной лампы и механической мастерской
_1700#1$aШайкевич$bА. С.$4070
_1701#1$aТрумпайц$bЯ. И.$4070
_tОпыт искусственного освещения ртутной газосветной лампы и механической мастерской
_aШайкевич, А. С.
464 0 _12001#$aРасчет колпаков для местного освещения
_1700#1$aБолдырев$bН. Г.$4070
_tРасчет колпаков для местного освещения
_aБолдырев, Н. Г.
464 0 _12001#$aОсвещение машинных зал
_1700#1$aДадиомов$bМ. С.$4070
_tОсвещение машинных зал
_aДадиомов, М. С.
464 0 _12001#$aРасчет прожекторного освещения
_1700#1$aДадиомов$bМ. С.$4070
_tРасчет прожекторного освещения
_aДадиомов, М. С.
464 0 _12001#$aОпыт рационализации искусственного освещения работ, связанных с различением мельчайших дефектов на зеркальной металлической поверхности
_1700#1$aЗавалишин$bА. А.$4070
_1701#1$aЗильбер$bД. А.$4070
_1701#1$aТрумпайц$bЯ. И.$4070
_1701#1$aБерестенников$bГ. А.$4070
_tОпыт рационализации искусственного освещения работ, связанных с различением мельчайших дефектов на зеркальной металлической поверхности
_aЗавалишин, А. А.
464 0 _12001#$aНовые экспериментальные данные о времени видения
_1700#1$aАуслендер$bН. Н.$4070
_tНовые экспериментальные данные о времени видения
_aАуслендер, Н. Н.
464 0 _12001#$aОпыт исследования контрастной чувствительности в условиях малых яркостей
_1700#1$aТрумпайц$bЯ. И.$4070
_tОпыт исследования контрастной чувствительности в условиях малых яркостей
_aТрумпайц, Я. И.
464 0 _12001#$aЭкономика естественного освещения и капитальные затраты
_1700#1$aВолькенштейн$bА. А.$4070
_tЭкономика естественного освещения и капитальные затраты
_aВолькенштейн, А. А.
517 0 0 _aТруды Светотехнического отдела ЛИООТ (книга III) и Светотехнической секции ВНИТО-Э (выпуск IV)
702 1 _aШмерлинг
_bС.Г.
_4340
801 0 _aRU
_bNLR
_gpsbo
801 1 _aRU
_bELAR
_2rusmarc
852 _aNLR
_j32-19/124(12-13)
942 _cUNSPEC
980 _aNB